Accounting for Decision Making and Control : (Record no. 717)

MARC details
000 -LEADER
fixed length control field 00416nam a22001457a 4500
008 - FIXED-LENGTH DATA ELEMENTS--GENERAL INFORMATION
fixed length control field 110427t xxu||||| |||| 00| 0 eng d
020 ## - INTERNATIONAL STANDARD BOOK NUMBER
International Standard Book Number 0071283700
082 ## - DEWEY DECIMAL CLASSIFICATION NUMBER
Classification number 346.063 ZIM
100 ## - MAIN ENTRY--PERSONAL NAME
Personal name Zimmerman, Jerod L.
9 (RLIN) 1947
245 ## - TITLE STATEMENT
Title Accounting for Decision Making and Control :
Statement of responsibility, etc Jerold L. Zimmerman /
250 ## - EDITION STATEMENT
Edition statement 6th ed.
260 ## - PUBLICATION, DISTRIBUTION, ETC. (IMPRINT)
Place of publication, distribution, etc New York:
Name of publisher, distributor, etc McGraw-Hill.
Date of publication, distribution, etc 2009.
300 ## - PHYSICAL DESCRIPTION
Extent xvi, 733p.;
Dimensions 26 cm.
942 ## - ADDED ENTRY ELEMENTS (KOHA)
Source of classification or shelving scheme Dewey Decimal Classification
Item type Books
Holdings
Withdrawn status Lost status Source of classification or shelving scheme Damaged status Not for loan Home library Current library Shelving location Date acquired Total Checkouts Full call number Barcode Date last seen Price effective from Koha item type
    Dewey Decimal Classification     Law Development Centre Main Library Law Development Centre Main Library Text Books and Laws 04/27/2011   346.063 ZIM 7109 04/27/2011 04/27/2011 Books
    Dewey Decimal Classification     Law Development Centre Main Library Law Development Centre Main Library Text Books and Laws 04/27/2011   346.063 ZIM 6909 04/27/2011 04/27/2011 Books